000
00340pam a2200157a 44500
008
230515b2000 xxu||||| |||| 00| 0 eng d
020
_a
0
041
_a
MARATHI
082
_a
613 DHO
100
_a
DHOBALE JOSTNA
245
_a
AROGYA SAKAL SAMPDA
250
_a
N.D.
260
_a
PUNE
_b
DELMAR
_c
2000
300
_a
102
650
_a
N.D.
999
_c
493110
_d
493110